|
|
|
|
| LEADER |
00000nam0a2200000 4500 |
| 001 |
186805 |
| 005 |
20260408134430.0 |
| 035 |
|
|
|a (RuTPU)RU\TPU\book\202674
|
| 090 |
|
|
|a 186805
|
| 100 |
|
|
|a 20101103d2010 m y0rusy50 ca
|
| 101 |
0 |
|
|a rus
|
| 102 |
|
|
|a RU
|
| 105 |
|
|
|a a j 001zy
|
| 200 |
1 |
|
|a Курсовое проектирование по теории автоматического управления
|e учебное пособие
|f Национальный исследовательский Томский политехнический университет (ТПУ); сост. Е. М. Яковлева; С. В. Замятин
|
| 210 |
|
|
|a Томск
|c Изд-во ТПУ
|d 2010
|
| 215 |
|
|
|a 106 с.
|c ил.
|
| 320 |
|
|
|a Библиогр.: с. 94.
|
| 330 |
|
|
|a Пособие содержит задания и исходные данные, необходимые для проектирования, примеры решения отдельных заданий. Рассматриваются основные способы и подходы к исследованию линейных, нелинейных и импульсных систем автоматического управления, используемых при курсовом проектировании по дисциплине «Теория автоматического управления». Предназначено для студентов, обучающихся по направлению 220400 «Управление в технических системах».
|
| 452 |
|
1 |
|0 (RuTPU)RU\TPU\book\214113
|t Курсовое проектирование по теории автоматического управления
|o учебное пособие
|f Национальный исследовательский Томский политехнический университет (ТПУ) ; сост. Е. М. Яковлева ; сост. С. В. Замятин
|c Томск
|n Изд-во ТПУ
|d 2010
|
| 606 |
1 |
|
|a Автоматическое управление
|x Теория
|2 stltpush
|3 (RuTPU)RU\TPU\subj\950
|9 29755
|
| 610 |
1 |
|
|a ТАУ
|
| 610 |
1 |
|
|a автоматическое управление
|
| 610 |
1 |
|
|a курсовое проектирование
|
| 610 |
1 |
|
|a линейные автоматические системы
|
| 610 |
1 |
|
|a нелинейные САУ
|
| 610 |
1 |
|
|a линейные импульсные системы
|
| 610 |
1 |
|
|a курсовые проекты
|
| 610 |
1 |
|
|a учебные пособия
|
| 610 |
1 |
|
|a труды учёных ТПУ
|
| 675 |
|
|
|a 681.51.01(075.8)
|v 3
|
| 702 |
|
1 |
|a Яковлева
|b Е. М.
|c специалист в области автоматического управления
|c доцент Томского политехнического университета
|f 1946-
|g Елена Максимовна
|3 (RuTPU)RU\TPU\pers\27106
|4 220
|9 12656
|
| 702 |
|
1 |
|a Замятин
|b С. В.
|c специалист в области автоматического управления
|c доцент Томского политехнического университета, кандидат технических наук
|f 1982-
|g Сергей Владимирович
|3 (RuTPU)RU\TPU\pers\25391
|4 220
|9 11334
|
| 712 |
0 |
2 |
|a Национальный исследовательский Томский политехнический университет (ТПУ)
|c (2009- )
|3 (RuTPU)RU\TPU\col\15902
|
| 801 |
|
1 |
|a RU
|b 63413507
|c 20101103
|
| 801 |
|
2 |
|a RU
|b 63413507
|c 20201110
|g RCR
|
| 942 |
|
|
|c BK
|